Loading...
Keraleeyathaude Nattarivu -Kalam /
| Format: | Printed Book |
|---|---|
| Language: | Malayalam |
| Published: |
Thrisur:
Center for folklore studies,
2000.
|
| Edition: | 1st ed. |
| Subjects: |
| LEADER | 00542cam a2200181ua 4500 | ||
|---|---|---|---|
| 008 | 080228t2000||||||||||| 00 ||mal c | ||
| 041 | 0 | |a mal | |
| 082 | |a 398 |b KER | ||
| 245 | 0 | 0 | |a Keraleeyathaude Nattarivu -Kalam / |
| 250 | |a 1st ed. | ||
| 260 | |a Thrisur: |b Center for folklore studies, |c 2000. | ||
| 300 | |a 198p.. | ||
| 362 | 1 | |a 2000. | |
| 365 | |a Rs.25 | ||
| 650 | 0 | |a folklore | |
| 942 | |c BK | ||
| 999 | |c 17430 |d 17430 | ||
| 952 | |0 0 |1 0 |4 0 |6 398_000000000000000_KE |7 0 |9 18173 |a KUCL |b KUCL |d 2014-05-23 |l 2 |o 398 KE |p G0393 |r 2020-11-27 |s 2020-11-05 |w 2014-05-23 |y BK | ||